Romania - Judet - Statistics

General Stats
  • This quiz has been taken 197 times
  • The average score is 27 of 42
Answer Stats
Answer % Correct
Constanta
94%
Bucuresti
89%
Iasi
85%
Ilfov
85%
Brasov
84%
Arad
83%
Timis
83%
Cluj
80%
Maramures
78%
Alba
77%
Suceava
74%
Tulcea
73%
Sibiu
71%
Botosani
70%
Bacau
69%
Galati
66%
Buzau
65%
Vaslui
64%
Mures
63%
Olt
63%
Dolj
60%
Caras Severin
59%
Harghita
59%
Hunedoara
59%
Satu Mare
59%
Teleorman
57%
Arges
56%
Bihor
56%
Braila
55%
Prahova
53%
Calarasi
52%
Covasna
51%
Gorj
51%
Ialomita
50%
Mehedinti
50%
Giurgiu
49%
Dambovita
48%
Salaj
47%
Bistrita Nasaud
45%
Neamt
44%
Vrancea
43%
Valcea
37%
No matching quizzes found
Score Distribution
Percent of People with Each Score
Percentile by Number Answered
Your Score History
You have not taken this quiz